=LDR 00000nam 2200000 4500 =001 NUTBA000000000000933 =005 20150428112618.0 =006 =007 =008 =020 ##$$a 979-462-862-x =035 ##$$0010-041400000000203 =082 ##$$a 410.7 =090 ##$$a 410.7 Sut b =100 ##$$a Maryati =245 ##$$a Bahasa dan Sastra Indonesia 1 : untuk SMP/MTs kelas VII =260 ##$$a JAkarta $b Pusat Perbukuan, Depdiknas $c 2008 =300 ##$$a xii, 124 hlm $b ilus $c 25 cm =650 ##$$a studi dan Pengajaran =700 ##$$a Sutopo =990 ##$$a 92908/BPAP-NTB/2014 =990 ##$$a 20614575 =990 ##$$a 92908/BPAP-NTB/2014 =990 ##$$a 0001/BPAP-NTB/20142015